000 00334nam a2200145Ia 4500
008 191201s2010 xx 000 0 und d
082 _a658.069
_bGAB
100 _aGAVAI,A.K
245 0 _aBusiness Ethiics
250 _aRep
260 _aN.Delhi
_bHimala Publication House
_c2010
300 _a193
650 _aMBA
942 _2ddc
_cBK
999 _c4285
_d4285